| 000 | nam a22 7a 4500 | ||
|---|---|---|---|
| 999 |
_c7342 _d7342 |
||
| 005 | 20190523002940.0 | ||
| 008 | 190523b xxu||||| |||| 00| 0 eng d | ||
| 020 | _bpaperback | ||
| 040 |
_beng _cAPEC Schools Library _erda |
||
| 082 |
_aC 613.2 _bC225h 2005 |
||
| 100 | _aCarpenter, Ruth Ann | ||
| 245 |
_aHealthy eating everyday / _cRuth Ann Carpenter, _cCarrie E. Finley |
||
| 264 |
_aChampaign, IL : _bHuman Kinetics, _c ©2005. |
||
| 300 |
_axiii, 249 pages : _bcolored illustrations ; _c28 cm |
||
| 336 |
_2rdacontent _atext |
||
| 337 |
_2rdamedia _aunmediated |
||
| 338 |
_2rdacarrier _avolume |
||
| 504 | _aIncludes bibliographical references and index. | ||
| 600 | _aFinley, Carrie E. | ||
| 650 | _aNutrition--Popular works. | ||
| 650 | _aNutrition alimentation. | ||
| 942 |
_2ddc _cNFIC |
||